000
00349 a2200169 4500
001
194613
020
_a
978-85-08-15732-7
040
_c
Magnum
100
_a
Alencar, José de
240
1
0
_a
O Guarani
_l
por
245
1
0
_a
O Guarani
300
_a
96
362
0
_a
2013
440
1
_a
Ática
697
_a
LITERATURA INFANTO-JUVENIL
942
_c
BK
999
_c
194613
_d
194613